Catalog

Record Details

Catalog Search



The youngest marcher : the story of Audrey Faye Hendricks, a young civil rights activist  Cover Image CD Audiobook CD Audiobook

The youngest marcher : the story of Audrey Faye Hendricks, a young civil rights activist / Cynthia Levinson.

Levinson, Cynthia, (author.). Collier, Tyla, (narrator.).

Summary:

Audrey Faye Hendricks was confident and bold and brave as can be, and hers is the remarkable and inspiring story of one child₂s role in the Civil Rights Movement.

Record details

  • ISBN: 9781662068836
  • ISBN: 1662068832
  • Physical Description: 1 audio disc (approximately 22 min.) : CD audio, digital ; 4 3/4 in.
  • Edition: Unabridged.
  • Publisher: Holland, OH : Dreamscape Media, LLC, [2021]

Content descriptions

General Note:
Compact discs.
Participant or Performer Note:
Read by Tyla Collier.
Subject: Hendricks, Audrey Faye > Juvenile literature.
African American civil rights workers > Alabama > Birmingham > Biography > Pictorial works > Juvenile literature.
Civil rights workers > Alabama > Birmingham > Biography > Juvenile literature.
African Americans > Civil rights > Alabama > Birmingham > History > 20th century > Juvenile literature.
Civil rights movements > Alabama > Birmingham > History > 20th century > Juvenile literature.
Birmingham (Ala.) > Race relations > Juvenile literature.
Birmingham (Ala.) > Biography > Juvenile literature.
Women > Biography.
Genre: Children's audiobooks.
Biographies.

Available copies

  • 1 of 1 copy available at scottsboropl.

Holds

  • 0 current holds with 1 total copy.
Show Only Available Copies
Location Call Number / Copy Notes Barcode Shelving Location Status Due Date
scottsboropl J BK/CD 323 Hen 32269001182560 Juvenile - Audiobook Available -

LDR 03564cim a2200805Ii 4500
001157554
003SBPL
00520220209110614.0
008210325s2021 ohunnnnb b n eng d
007sd fungnnmmneu
020 . ‡a9781662068836
020 . ‡a1662068832
035 . ‡a(OCoLC)1243278823
050 4. ‡aF334.B653 ‡bH465 2021ab
08204. ‡a323.092 ‡aB ‡223
1001 . ‡aLevinson, Cynthia, ‡eauthor.
24514. ‡aThe youngest marcher : ‡bthe story of Audrey Faye Hendricks, a young civil rights activist / ‡cCynthia Levinson.
24630. ‡aStory of Audrey Faye Hendricks, a young civil rights activist
250 . ‡aUnabridged.
264 1. ‡aHolland, OH : ‡bDreamscape Media, LLC, ‡c[2021]
300 . ‡a1 audio disc (approximately 22 min.) : ‡bCD audio, digital ; ‡c4 3/4 in.
306 . ‡a002200
336 . ‡aspoken word ‡bspw ‡2rdacontent
337 . ‡aaudio ‡bs ‡2rdamedia
338 . ‡aaudio disc ‡bsd ‡2rdacarrier
344 . ‡adigital ‡2rdatr
344 . ‡boptical ‡2rdarm
347 . ‡aaudio file ‡2rdaft
347 . ‡bCD audio
5110 . ‡aRead by Tyla Collier.
500 . ‡aCompact discs.
520 . ‡aAudrey Faye Hendricks was confident and bold and brave as can be, and hers is the remarkable and inspiring story of one child₂s role in the Civil Rights Movement.
60010. ‡aHendricks, Audrey Faye ‡vJuvenile literature.
650 0. ‡aAfrican American civil rights workers ‡zAlabama ‡zBirmingham ‡vBiography ‡vPictorial works ‡vJuvenile literature.
650 0. ‡aCivil rights workers ‡zAlabama ‡zBirmingham ‡vBiography ‡vJuvenile literature.
650 0. ‡aAfrican Americans ‡xCivil rights ‡zAlabama ‡zBirmingham ‡xHistory ‡y20th century ‡vJuvenile literature.
650 0. ‡aCivil rights movements ‡zAlabama ‡zBirmingham ‡xHistory ‡y20th century ‡vJuvenile literature.
651 0. ‡aBirmingham (Ala.) ‡xRace relations ‡vJuvenile literature.
651 0. ‡aBirmingham (Ala.) ‡vBiography ‡vJuvenile literature.
650 1. ‡aWomen ‡vBiography.
655 7. ‡aChildren's audiobooks. ‡2lcgft
655 7. ‡aBiographies. ‡2lcgft
7001 . ‡aCollier, Tyla, ‡enarrator.
901 . ‡a157554 ‡b ‡c157554 ‡tbiblio

Additional Resources